000 00661nam a2200217Ii 4500
003 JO-AjNU
008 230605s9999||||xx |||||||||||||| ||und||
017 _a2008/10/3584
040 _aJO-AjNU
_bara
_erda
_cJO-AjNU
041 _aara
050 1 4 _aPJ7838 2008
100 3 _aالنجار، خميس ,
_eauthor
_957507
245 0 0 _aلعبة الدم: رواية
250 _aط1
264 3 1 _aعمان: الدائرة الثقافية،2008
300 _a158ص
336 _atext
_btxt
_2rdacontent
337 _aunmediated
_bn
_2rdamedia
338 _avolume
_bnc
_2rdacarrier
650 4 _aالرواية العربية-العصر الحديث
_957508
999 _aA25776
_c29344
_d29344